Golfový rezort Black Stork sa opäť rozrástol

Bibliographic Details
Format: Article
Language:Slovak
PhysicalDescription:Fotogr.
Subjects:

MARC

LEADER 00000cab a2200000 ar4500
001 vtls009279003
003 SK-MaSNL
005 20260305031331.0
008 080327c2007 xo wr|p|||||||000 b|slo
038 |a PPPK 
040 |a PPPKCL  |b slo  |c PPPKCL  |e AACR2 
041 0 |a slo 
044 |a xo  |c SK 
080 |a 712.257:796.352  |2 2001 
080 |a 796.352  |2 2001 
245 0 0 |a Golfový rezort Black Stork sa opäť rozrástol  |c [autor] (hru) 
300 |b Fotogr. 
650 0 7 |a golf  |2 pppkcl  |9 3295 
650 0 7 |a golfové ihriská  |2 pppkcl  |9 73259 
650 0 7 |a výstavba  |2 pppkcl  |9 29373 
651 7 |a Golfový areál Black Stork (Veľká Lomnica, Slovensko)  |2 pppkcl  |9 1609100 
651 7 |a Veľká Lomnica (Slovensko)  |2 pppkcl  |9 26701 
651 7 |a Kežmarok (Slovensko : okres)  |2 pppkcl  |9 51824 
773 0 |t Podtatranské noviny  |g Roč. XLVIII, č. 40 (2007), s. 10 
852 |a PPPK  |b KIS3GCP 
999 |c 3315735  |d 3317665